1335 1759 1417 1686 1410 1724 1904 1761 1548 1159 1378 1689 1271 1440 1784 1670 1955 1681 1271 1401 1990 1438 1529 1475 1855 1324 1991 1605 1494 1356 1506 1397 1454 1833 1444 1406 1358 1326 1044 1964 1435 1130 1300 1689 1781 1072 1070 1746 1547 1248 1812 1424 1499 1056 1552 1442 1307 1414 1308 1401 1147 1374 1943 1741 1699 1480 1644 1681 1656 1687 1758 1196 1702 1673 1712 1098 1548 1075 1594 1980 1806 1804 1364 1592 1222 1228 1408 1046 1033 1119 1794 1605 1690 1831 1497 1577 1270 1751 1866 BCNSPRNW ULIB Ver.6.0+V

เปลี่ยนเป็นภาษาไทย

Change to English
 แสดงรายละเอียดบรรณานุกรม
  กลับหน้าหลัก

Brief Record : Get Marc (ISO 2709) : E-mail record : QR code < ปิดหน้าต่าง
LEADER : 00000nam 2200000uu 4500
001    13399127153
003     ULIB
008    020711s2019 th a 000 0 eng d
020    ^a9780323445337
060    ^aQT104^bN974
245    ^aNursing Key Topics Review: Pathophysiology
250    ^a1st ed
260    ^aLouis, Missouri :^bElsevier,^c2019
300    ^a471 pages;^b26 cm
650    ^aPathophysiology
945    ^p1050^l0^i006340
999    ^aประนอม เกษจรัล
รายการนี้ยังไม่มีแท็ก
คุณยังไม่ได้ล็อกอิน คุณสามารถมีกิจกรรมร่วมกับเว็บไซต์ได้ แต่ต้องล็อกอินก่อน ::
  ล็อกอิน

รายการสื่อสารสนเทศ

ลำดับที่ ประเภท เลขเรียก/บาร์โค้ด สถานที่ สถานะ
1. วิทยาศาสตร์การแพทย์ และสุขภาพ
วิทยาศาสตร์การแพทย์ และสุขภาพ
QT104 N974 ฉ.1 
  Barcode: 006340
ห้องสมุดวิทยาเขตสวรรค์ประชารักษ์
►หนังสือทั่วไป
บนชั้น

รายการใกล้เคียง
    หัวเรื่อง [Pathophysiology]

BibComment


ยังไม่เคยถูกคอมเมนท์

คอมเมนท์ทรัพยากรรายการนี้
  คอมเมนท์: Nursing Key Topi..


 Copyright 2026. Bcnsprnw @Library